Artpress/ (Record no. 3336)

MARC details
000 -LEADER
campo de control de longitud fija 02943nam a22008177a 4500
003 - IDENTIFICADOR DE NÚMERO DE CONTROL
campo de control OSt
005 - FECHA Y HORA DE LA ÚLTIMA TRANSACCIÓN
campo de control 20230412135810.0
008 - DATOS DE LONGITUD FIJA--INFORMACIÓN GENERAL
campo de control de longitud fija 221006b |||||||| |||| 00| 0 eng d
040 ## - FUENTE DE CATALOGACIÓN
Centro/agencia transcriptor Biblioteca Lado V
082 ## - NÚMERO DE LA CLASIFICACIÓN DECIMAL DEWEY
Número de clasificación 700
Número de ítem K41a
100 ## - ENTRADA PRINCIPAL--NOMBRE DE PERSONA
9 (RLIN) 797
Nombre de persona Kerraoul, Jean Pierre de
Término indicativo de función/relación editor
-- director
245 ## - MENCIÓN DEL TÍTULO
Título Artpress/
Resto del título Art et Mode attirance et divergence/
260 ## - PUBLICACIÓN, DISTRIBUCIÓN, ETC.
Nombre del editor, distribuidor, etc. Court Gallerie
Fecha de publicación, distribución, etc. 1997
Lugar de publicación, distribución, etc. Paris
300 ## - DESCRIPCIÓN FÍSICA
Dimensiones 21x28cm
Extensión 178p.
366 ## - INFORMACIÓN SOBRE DISPONIBILIDAD COMERCIAL
Nota eng
490 ## - MENCIÓN DE SERIE
Mención de serie 18
Designación de volumen o secuencia 97
-- 1997
Número Internacional Normalizado para Publicaciones Seriadas 0004 3273
505 ## - NOTA DE CONTENIDO CON FORMATO
Título art et mode: union ou simple flirt?
505 ## - NOTA DE CONTENIDO CON FORMATO
Título Rei Kawakubo
505 ## - NOTA DE CONTENIDO CON FORMATO
Título Agnes B.
505 ## - NOTA DE CONTENIDO CON FORMATO
Título Walter van Beirendonck
505 ## - NOTA DE CONTENIDO CON FORMATO
Título matiere a risque
505 ## - NOTA DE CONTENIDO CON FORMATO
Título Gotscho
505 ## - NOTA DE CONTENIDO CON FORMATO
Título vierges et mannequins de Inez van Lamsweerde et vinoodh Matadin
505 ## - NOTA DE CONTENIDO CON FORMATO
Título la tardition artistique de la maison nina ricci
505 ## - NOTA DE CONTENIDO CON FORMATO
Título ceci est un catalogue de vente par correspondance
505 ## - NOTA DE CONTENIDO CON FORMATO
Título la mode au film du temps
505 ## - NOTA DE CONTENIDO CON FORMATO
Título art a la mode
505 ## - NOTA DE CONTENIDO CON FORMATO
Título mobilis in mobile
505 ## - NOTA DE CONTENIDO CON FORMATO
Título cultures de martin margiela
505 ## - NOTA DE CONTENIDO CON FORMATO
Título Jean-Charles de Castelbajac
505 ## - NOTA DE CONTENIDO CON FORMATO
Título architecture l'espace entre le corps et le tissu
505 ## - NOTA DE CONTENIDO CON FORMATO
Título Daniele Buetti
505 ## - NOTA DE CONTENIDO CON FORMATO
Título Dominique fabregues
505 ## - NOTA DE CONTENIDO CON FORMATO
Título lucy orta
505 ## - NOTA DE CONTENIDO CON FORMATO
Título le cahier Matieres
505 ## - NOTA DE CONTENIDO CON FORMATO
Título livre (ou non) au regard
505 ## - NOTA DE CONTENIDO CON FORMATO
Título C'est la silhouette qui compte!
505 ## - NOTA DE CONTENIDO CON FORMATO
Título presence de l'androgyne
505 ## - NOTA DE CONTENIDO CON FORMATO
Título Odile Decq
505 ## - NOTA DE CONTENIDO CON FORMATO
Título Dodie Rosekrans
505 ## - NOTA DE CONTENIDO CON FORMATO
Título le desir de robe
505 ## - NOTA DE CONTENIDO CON FORMATO
Título Majida Khattari
505 ## - NOTA DE CONTENIDO CON FORMATO
Título Livre (ou non) Au Temps
505 ## - NOTA DE CONTENIDO CON FORMATO
Título la beaute qui passe
505 ## - NOTA DE CONTENIDO CON FORMATO
Título Issey Miyake
505 ## - NOTA DE CONTENIDO CON FORMATO
Título vetements de la vie quotidienne dans les avant-gardes artistiques europeennes
505 ## - NOTA DE CONTENIDO CON FORMATO
Título Alain Bublex
505 ## - NOTA DE CONTENIDO CON FORMATO
Título conjuguer musee et air du temps
505 ## - NOTA DE CONTENIDO CON FORMATO
Título musee de la mode: quiestion de definitions
505 ## - NOTA DE CONTENIDO CON FORMATO
Título Roland Barthes et la Mode
505 ## - NOTA DE CONTENIDO CON FORMATO
Título De part et d'autre et de bas en Haut
505 ## - NOTA DE CONTENIDO CON FORMATO
Título Createurs
505 ## - NOTA DE CONTENIDO CON FORMATO
Título la recup ou le vetement ressucite
505 ## - NOTA DE CONTENIDO CON FORMATO
Título vetement et/ou object
505 ## - NOTA DE CONTENIDO CON FORMATO
Título photographie et mode 90 les annes critiques
505 ## - NOTA DE CONTENIDO CON FORMATO
Título esthetique du sursis
505 ## - NOTA DE CONTENIDO CON FORMATO
Título confusion, Inc. du pop a i'art et de l'art au pop
505 ## - NOTA DE CONTENIDO CON FORMATO
Título corporealites
505 ## - NOTA DE CONTENIDO CON FORMATO
Título dressing up, dressing down
505 ## - NOTA DE CONTENIDO CON FORMATO
Título bibliographie et guide des musees
650 ## - PUNTO DE ACCESO ADICIONAL DE MATERIA--TÉRMINO DE MATERIA
Fuente del encabezamiento o término Tesauro de Arte & Arquitectura
Término de materia o nombre geográfico como elemento de entrada ARTE
9 (RLIN) 703
650 ## - PUNTO DE ACCESO ADICIONAL DE MATERIA--TÉRMINO DE MATERIA
Fuente del encabezamiento o término Tesauro de Arte & Arquitectura
Término de materia o nombre geográfico como elemento de entrada EXPOSICIONES
650 ## - PUNTO DE ACCESO ADICIONAL DE MATERIA--TÉRMINO DE MATERIA
Fuente del encabezamiento o término Tesauro de Arte & Arquitectura
Término de materia o nombre geográfico como elemento de entrada BIENAL
650 ## - PUNTO DE ACCESO ADICIONAL DE MATERIA--TÉRMINO DE MATERIA
Fuente del encabezamiento o término Tesauro de Arte & Arquitectura
Término de materia o nombre geográfico como elemento de entrada APRECIACION
650 ## - PUNTO DE ACCESO ADICIONAL DE MATERIA--TÉRMINO DE MATERIA
Fuente del encabezamiento o término Tesauro de Arte & Arquitectura
Término de materia o nombre geográfico como elemento de entrada TEORIA
650 ## - PUNTO DE ACCESO ADICIONAL DE MATERIA--TÉRMINO DE MATERIA
Fuente del encabezamiento o término Tesauro de Arte & Arquitectura
Término de materia o nombre geográfico como elemento de entrada CRITICA
650 ## - PUNTO DE ACCESO ADICIONAL DE MATERIA--TÉRMINO DE MATERIA
Fuente del encabezamiento o término Tesauro de Arte & Arquitectura
Término de materia o nombre geográfico como elemento de entrada FOTOGRAFIA
9 (RLIN) 702
650 ## - PUNTO DE ACCESO ADICIONAL DE MATERIA--TÉRMINO DE MATERIA
Fuente del encabezamiento o término Tesauro de Arte & Arquitectura
Término de materia o nombre geográfico como elemento de entrada LITERATURA
650 ## - PUNTO DE ACCESO ADICIONAL DE MATERIA--TÉRMINO DE MATERIA
Fuente del encabezamiento o término Tesauro de Arte & Arquitectura
Término de materia o nombre geográfico como elemento de entrada PARIS
942 ## - ELEMENTOS DE ENTRADA SECUNDARIOS (KOHA)
Fuente del sistema de clasificación o colocación Clasificación Decimal Dewey
Tipo de ítem Koha Libros
Parte de la signatura que corresponde a la clasificación (Parte de la clasificación) 700
Parte de la signatura que identifica el ejemplar (Parte del ítem) K41a
Suprimir en OPAC No

No items available.